Issues in higher education and economic development.

Bibliographic Details
Corporate Author: American Association of State Colleges and Universities
Format: Book
Language:English
Published: Washington, DC : American Association of State Colleges and Universities, [1986]
Subjects:

MARC

Tag First Indicator Second Indicator Subfields
LEADER 00000cam a2200000 a 4500
001 in00000014983
005 20151007052936.0
008 860723s1986 dcu b 10000 eng
010 |a  86020680  
020 |a 0880440791 (pbk.) 
035 |a (OCoLC)14069728 
035 |9 AAA9789AM 
040 |a DLC  |c DLC  |d m/c  |d OCL  |d TXA  |d UtOrBLW 
043 |a n-us--- 
049 |a TXAM  |c [A11487288] 
050 0 0 |a HD75.7  |b .I86 1986 
082 0 |a 338.9  |2 19 
245 0 0 |a Issues in higher education and economic development. 
264 1 |a Washington, DC :  |b American Association of State Colleges and Universities,  |c [1986] 
264 4 |c ©1986 
300 |a 149 pages ;  |c 23 cm. 
336 |a text  |b txt  |2 rdacontent 
337 |a unmediated  |b n  |2 rdamedia 
338 |a volume  |b nc  |2 rdacarrier 
504 |a Includes bibliographies. 
650 0 |a Economic development  |x Effect of education on  |v Congresses. 
650 0 |a Education  |x Economic aspects  |z United States  |x Congresses. 
650 0 |a Science and industry  |z United States  |x Congresses. 
710 2 |a American Association of State Colleges and Universities. 
999 |a MARS 
999 f f |s 9cd1dbdb-e027-3329-885f-4ba39e54e578  |i ba52c4c5-6012-3c5a-a627-5f32c5a95a49  |t 0 
952 f f |p ric  |a Texas A&M University  |b Rellis Campus  |c Joint Library Facility  |d Remote Storage  |t 0  |e HD75.7 .I86 1986  |h Library of Congress classification  |i unmediated -- volume  |m A14811487288 
998 f f |a HD75.7 .I86 1986  |t 0  |l Remote Storage